000 00771nam a22001695i 4500
001 68685
003 ES-MaACL
007 t|
008 960827s1856 sp ||||1| fre d
040 _aCAM
_bspa
_cCAM
100 1 _aGhillany, F.-G.
_956571
245 1 0 _aManuel diplomatique
_b: recueil des traités de paix européens les plus importants, des actes de congrés et autres documents relatifs a la politique internationale depuis le traité de Westphalie jusqu'a ces derniers temps /
_cpar F.-G. Ghillany; augmenté de traductions francaises et d'une introduction générale par J.-H. Schnitzler.
260 _aNoerlingue [etc] :
_bLibrairie de C. H. Beck [etc],
_c1856.
300 _a1 v. ;
_c22 cm.
700 1 _aSchnitzler, J.-H.
_9104595
852 _aES-MaACL
_jB-9396
999 _c68685
_d68685